000 00250nam a22000977a 4500
999 _c11302
_d11302
008 190207b ||||| |||| 00| 0 eng d
020 _a9780143443230
100 _aModi
_97044
245 _aExam Warriors
260 _aNew Delhi
_bPenguin Random House
_c2018